000 00281nam a2200121Ia 4500
008 220204s9999 xx 000 0 und d
082 _a631.4(540)
_bALE
245 0 _aSoils of India.
260 _aNew Delhi
_bFAI
_c1972
650 _aSoils
700 _aALEXANDER, T M
942 _cBK
999 _c22676
_d22676